The Bedford introduction to literature: reading, thinking, and writing
שמור ב:
| מחבר ראשי: | |
|---|---|
| פורמט: | ספר |
| שפה: | Undetermined |
| יצא לאור: |
Boston, MA
Bedford Books of ST. Martin's Press
1996
|
| נושאים: | |
| תגים: |
הוספת תג
אין תגיות, היה/י הראשונ/ה לתייג את הרשומה!
|
| Thư viện lưu trữ: | Trung tâm Học liệu Trường Đại học Cần Thơ |
|---|
| LEADER | 00586nam a2200193Ia 4500 | ||
|---|---|---|---|
| 001 | CTU_59074 | ||
| 008 | 210402s9999 xx 000 0 und d | ||
| 082 | |a 808.066 | ||
| 082 | |b M613 | ||
| 100 | |a Michael Meyer | ||
| 245 | 4 | |a The Bedford introduction to literature: reading, thinking, and writing | |
| 245 | 0 | |c Michael Meyer | |
| 260 | |a Boston, MA | ||
| 260 | |b Bedford Books of ST. Martin's Press | ||
| 260 | |c 1996 | ||
| 650 | |a american literature,technical writing | ||
| 650 | |x study and teaching | ||
| 904 | |i Minh | ||
| 980 | |a Trung tâm Học liệu Trường Đại học Cần Thơ | ||